Viajes
Uloženo v:
| Hlavní autor: | |
|---|---|
| Médium: | Kniha |
| Jazyk: | španělština |
| Vydáno: |
Madrid
Akal
1983
|
| Edice: | Akal Bolsillo, 102
|
| Témata: | |
| Tagy: |
Přidat tag
Žádné tagy, Buďte první, kdo vytvoří štítek k tomuto záznamu!
|
MARC
| LEADER | 00000nam a2200000 a 4500 | ||
|---|---|---|---|
| 001 | UCP4295 | ||
| 003 | CL-VaPUC | ||
| 005 | 20250227100110.0 | ||
| 008 | 990724e19830000SP |||||||||||||||||spa|d | ||
| 999 | |c 282297 |d 282295 | ||
| 040 | |c Pontificia Universidad Católica de Valparaíso | ||
| 082 | 0 | 4 | |a 910.4 |b POL |2 21 |
| 100 | |a Polo, Marco |e autor |9 862392 | ||
| 245 | 1 | 0 | |a Viajes |
| 260 | |a Madrid |b Akal |c 1983 | ||
| 300 | |a 539 p | ||
| 490 | 0 | |a Akal Bolsillo, 102 | |
| 583 | |a last modification |c 19990724 00:00:00 |k Rodrigo Vera | ||
| 650 | 0 | |a Viajes |9 257115 | |
| 650 | 0 | |a Descripciones y viajes |9 262159 | |
| 651 | 0 | |a Asia |9 268338 | |
| 942 | |c BK |2 ddc | ||
| 945 | |d 19990724 00:00:00 |a lriquelm | ||
| 952 | |0 0 |1 0 |4 0 |6 910_400000000000000_POL_1983 |7 0 |8 A |9 323937 |a BIBHIS |b BIBHIS |d 2019-11-20 |i 1366432 |o 910.4 POL 1983 |p 1366432 |r 2025-01-20 |w 2019-11-20 |y BK |k HIS | ||